Japanese Prefectures by Region Tile Select Quiz - Statistics

General Stats
  • This quiz has been taken 65 times
  • The average score is 105 of 128
Answer Stats
Question Tile Select % Correct
Prefectures in Chubu Ehime No
96%
Prefectures in Chubu Tottori No
96%
Prefectures in Chubu Aomori No
94%
Prefectures in Chubu Hokkaido No
94%
Prefectures in Chubu Saga No
94%
Prefectures in Chubu Hiroshima No
92%
Prefectures in Chubu Ibaraki No
92%
Prefectures in Kyushu Ehime No
88%
Prefectures in Kyushu Ibaraki No
88%
Prefectures in Kyushu Nagano No
88%
Prefectures in Kanto Akita No
85%
Prefectures in Shikoku Chiba No
85%
Prefectures in Hokkaido Chiba No
85%
Prefectures in Kansai Ehime No
85%
Prefectures in Kansai Fukui No
85%
Prefectures in Shikoku Fukuoka No
85%
Prefectures in Hokkaido Fukuoka No
85%
Prefectures in Kansai Fukushima No
85%
Prefectures in Hokkaido Fukushima No
85%
Prefectures in Shikoku Hiroshima No
85%
Prefectures in Hokkaido Hiroshima No
85%
Prefectures in Chubu Ishikawa Yes
85%
Prefectures in Kanto Iwate No
85%
Prefectures in Hokkaido Iwate No
85%
Prefectures in Kyushu Kagawa No
85%
Prefectures in Kanto Kagoshima No
85%
Prefectures in Tohoku Kochi No
85%
Prefectures in Kansai Kochi No
85%
Prefectures in Shikoku Kumamoto No
85%
Prefectures in Hokkaido Kyoto No
85%
Prefectures in Hokkaido Miyazaki No
85%
Prefectures in Shikoku Nagano No
85%
Prefectures in Tohoku Nagasaki No
85%
Prefectures in Kanto Nagasaki No
85%
Prefectures in Tohoku Nara No
85%
Prefectures in Kanto Nara No
85%
Prefectures in Shikoku Oita No
85%
Prefectures in Hokkaido Okayama No
85%
Prefectures in Hokkaido Okinawa No
85%
Prefectures in Tohoku Osaka No
85%
Prefectures in Kanto Osaka No
85%
Prefectures in Hokkaido Saitama No
85%
Prefectures in Shikoku Shimane No
85%
Prefectures in Kyushu Shizuoka No
85%
Prefectures in Shikoku Tochigi No
85%
Prefectures in Kyushu Tokushima No
85%
Prefectures in Kansai Tokyo No
85%
Prefectures in Hokkaido Tokyo No
85%
Prefectures in Kansai Toyama No
85%
Prefectures in Shikoku Yamagata No
85%
Prefectures in Kyushu Yamagata No
85%
Prefectures in Tohoku Yamaguchi No
85%
Prefectures in Hokkaido Yamanashi No
85%
Prefectures in Hokkaido Aichi No
83%
Prefectures in Chugoku Akita No
83%
Prefectures in Kansai Aomori No
83%
Prefectures in Hokkaido Aomori No
83%
Prefectures in Chubu Fukui Yes
83%
Prefectures in Chugoku Fukui No
83%
Prefectures in Chugoku Hokkaido No
83%
Prefectures in Kanto Hyogo No
83%
Prefectures in Tohoku Kagoshima No
83%
Prefectures in Tohoku Kanagawa No
83%
Prefectures in Hokkaido Miyagi No
83%
Prefectures in Chugoku Miyazaki No
83%
Prefectures in Chubu Nagano Yes
83%
Prefectures in Chugoku Oita No
83%
Prefectures in Kanto Okinawa No
83%
Prefectures in Shikoku Saitama No
83%
Prefectures in Shikoku Tokushima Yes
83%
Prefectures in Shikoku Tokyo No
83%
Prefectures in Tohoku Toyama No
83%
Prefectures in Kyushu Yamaguchi No
83%
Prefectures in Tohoku Akita Yes
81%
Prefectures in Kanto Chiba Yes
81%
Prefectures in Shikoku Ehime Yes
81%
Prefectures in Tohoku Fukushima Yes
81%
Prefectures in Tohoku Gifu No
81%
Prefectures in Kansai Ibaraki No
81%
Prefectures in Chugoku Ishikawa No
81%
Prefectures in Tohoku Iwate Yes
81%
Prefectures in Shikoku Kagawa Yes
81%
Prefectures in Shikoku Kochi Yes
81%
Prefectures in Kansai Kyoto Yes
81%
Prefectures in Chugoku Kyoto No
81%
Prefectures in Chugoku Mie No
81%
Prefectures in Tohoku Miyagi Yes
81%
Prefectures in Kanto Miyagi No
81%
Prefectures in Chugoku Nara No
81%
Prefectures in Kansai Osaka Yes
81%
Prefectures in Kansai Saga No
81%
Prefectures in Chugoku Shiga No
81%
Prefectures in Chugoku Shimane Yes
81%
Prefectures in Kanto Tokyo Yes
81%
Prefectures in Chubu Toyama Yes
81%
Prefectures in Tohoku Yamagata Yes
81%
Prefectures in Shikoku Yamanashi No
81%
Prefectures in Tohoku Aomori Yes
79%
Prefectures in Chubu Gifu Yes
79%
Prefectures in Kanto Gunma Yes
79%
Prefectures in Hokkaido Hokkaido Yes
79%
Prefectures in Kansai Hyogo Yes
79%
Prefectures in Kanto Kanagawa Yes
79%
Prefectures in Kyushu Nagasaki Yes
79%
Prefectures in Kansai Nara Yes
79%
Prefectures in Kanto Saitama Yes
79%
Prefectures in Chugoku Tokushima No
79%
Prefectures in Chubu Aichi Yes
77%
Prefectures in Kyushu Fukuoka Yes
77%
Prefectures in Chugoku Hiroshima Yes
77%
Prefectures in Tohoku Niigata No
77%
Prefectures in Chugoku Okayama Yes
77%
Prefectures in Chugoku Tottori Yes
77%
Prefectures in Kansai Wakayama Yes
77%
Prefectures in Kyushu Kagoshima Yes
75%
Prefectures in Chubu Niigata Yes
75%
Prefectures in Kyushu Oita Yes
75%
Prefectures in Kanto Tochigi Yes
75%
Prefectures in Chugoku Yamaguchi Yes
75%
Prefectures in Kanto Ibaraki Yes
73%
Prefectures in Chubu Shizuoka Yes
73%
Prefectures in Chubu Yamanashi Yes
73%
Prefectures in Kyushu Kumamoto Yes
71%
Prefectures in Kansai Mie Yes
71%
Prefectures in Kyushu Miyazaki Yes
71%
Prefectures in Kansai Shiga Yes
69%
Prefectures in Kyushu Okinawa Yes
67%
Prefectures in Kyushu Kumamoto Yes
65%
No matching quizzes found
Score Distribution
Percent of People with Each Score
Percentile by Number Answered
Your Score History
You have not taken this quiz